000 00421nam a2200145Ia 4500
008 231129s1996||||xx |||||||||||||| ||spa||
020 _a968-16-0092-4
040 _bspa
082 _a980.013 F363s
100 _aFernández de Oviedo Gonzalo
245 0 _aSumario de la natural historia de la Indias
260 _c1996
264 _aFondo de Cultura Económica
942 _2ddc
_cBKS
999 _c24913
_d24913